000 00694nam a2200301Ia 4500
008 210210b2013 xxu||||| |||| 00| 0 eng d
020 _a9788125049821
041 _aeng
082 _a820.208 CHAL
100 _aCHANDRA (Lakshmi) Ed
245 _aLights on: Indian plays in English Vol 1
260 _aHyderabad
_bOrient BlackSwan
_c2013
300 _axxxvi,136
440 _a1
650 _aVol
650 _aThe refuge
650 _aSamaras song
650 _aplays
650 _aon:
650 _aLights
650 _aIndian
650 _ain
650 _aEnglish
650 _aDance like a man
650 _a1
690 _aIndian English Drama
906 _a067415
999 _c150182
_d150182